Asamiya sahityar goti prakriti (Major5)/ (Record no. 12129)

MARC details
000 -LEADER
fixed length control field 00610nam a22002057a 4500
005 - DATE AND TIME OF LATEST TRANSACTION
control field 20260515115059.0
008 - FIXED-LENGTH DATA ELEMENTS--GENERAL INFORMATION
fixed length control field 250306b |||||||| |||| 00| 0 eng d
020 ## - INTERNATIONAL STANDARD BOOK NUMBER
International Standard Book Number 9788119679317
040 ## - CATALOGING SOURCE
Original cataloging agency IN-DiNC
Transcribing agency IN-DiNC
041 ## - LANGUAGE CODE
Language code of sung or spoken text asm
082 ## - DEWEY DECIMAL CLASSIFICATION NUMBER
Classification number 891.4514
Item number ASA
245 ## - TITLE STATEMENT
Title Asamiya sahityar goti prakriti (Major5)/
Statement of responsibility, etc. ed. by Pranab Phukan and Pratim Saikia
250 ## - EDITION STATEMENT
Edition statement 1st ed.
260 ## - PUBLICATION, DISTRIBUTION, ETC.
Place of publication, distribution, etc. Jorhat:
Name of publisher, distributor, etc. Bidya bhawan,
Date of publication, distribution, etc. 2025.
300 ## - PHYSICAL DESCRIPTION
Extent 228p.
650 ## - SUBJECT ADDED ENTRY--TOPICAL TERM
Topical term or geographic name entry element Trend and tendencies of Assamese literature (Major5)
700 ## - ADDED ENTRY--PERSONAL NAME
Personal name Phukan, Pranab
Relator term Editor
700 ## - ADDED ENTRY--PERSONAL NAME
Personal name Saikia, Pritam
Relator term author
942 ## - ADDED ENTRY ELEMENTS (KOHA)
Source of classification or shelving scheme Dewey Decimal Classification
Koha item type Books
Holdings
Withdrawn status Lost status Source of classification or shelving scheme Damaged status Not for loan Collection Home library Current library Shelving location Date acquired Cost, normal purchase price Total checkouts Full call number Barcode Date last seen Date last checked out Copy number Price effective from Koha item type
    Dewey Decimal Classification       Naharkatiya College Library Naharkatiya College Library General stacks 03/06/2025 230.00 6 891.4514 ASA 30672 03/30/2026 03/30/2026 1 03/06/2025 Books
    Dewey Decimal Classification       Naharkatiya College Library Naharkatiya College Library General stacks 03/06/2025 230.00 7 891.4514 ASA 30673 04/25/2026 04/25/2026 2 03/06/2025 Books
    Dewey Decimal Classification       Naharkatiya College Library Naharkatiya College Library General stacks 03/06/2025 230.00 6 891.4514 ASA 30674 04/22/2026 04/22/2026 3 03/06/2025 Books